| 000 | 00714nam a22002417a 4500 | ||
|---|---|---|---|
| 001 | 3468 | ||
| 003 | FISKH | ||
| 005 | 20240307150532.0 | ||
| 008 | 240307b cb ||||| |||| 00| 0 eng d | ||
| 040 |
_aFISK _beng _cFISK _dFISK |
||
| 050 | _aQL795.D7 | ||
| 082 | _a599.53 | ||
| 100 |
_aGrover Wayne _d1906-1970 |
||
| 245 |
_aDolphin adventure / _cWayne Grover |
||
| 260 |
_aNew York : _bHarper Trophy, _c2000 |
||
| 300 |
_a70 pages : _billustrations, _c20 cm |
||
| 505 | _aQ | ||
| 520 | _aA diver describes how he encounters and gains the trust of a family of dolphins and saves the life of their baby. | ||
| 521 | 8 |
_a930 _bLexile |
|
| 700 | _aWayne Grover | ||
| 942 |
_2ddc _cBK _n0 |
||
| 999 |
_c3468 _d3468 |
||